000 01269nam a22003497a 4500
003 CHAP
005 20220329143332.0
008 090919s1987 mx a r 00010 spa d
010 _a95135
011 _a96107
035 _a106748
040 _cCHAP
090 _aTesis
100 1 _aHeredia Hernández, Jorge.
_953713
245 1 0 _aEstudio de la producción bovina en la región de Taretan, Michoacán
_c/por Jorge Heredia Hernández
260 _aChapingo, Méx. :
_bEl autor,
_c1987
300 _aiv, 133 h. :
_bcuadros
502 _aTesis (Ing. Agr. Esp. en Zootecnia) -- UACH. Departamento de Zootecnia
590 _aALEPH
_b10
_c20130110
_lUCH01
_h1524
590 _aBATCH-UPD
_b10
_c20130110
_lUCH01
_h0529
590 _aBATCH-UPD
_b10
_c20130410
_lUCH01
_h0209
590 _aBATCH-UPD
_b10
_c20130914
_lUCH01
_h1525
590 _aCONVERSION
_b10
_c20130109
_lUCH01
_h1353
650 1 4 _aGanado vacuno
_xGenética.
_945470
650 1 4 _aGanado vacuno
_xMichoacán.
_945491
650 1 4 _aGanado vacuno
_xProducción.
_945506
650 1 4 _aLeche
_xProducción.
_965400
901 _aBK
942 _cFOLL
949 _aTesis
_bBC
_cTES
_d33724002071918
_eTS1
_gDonaciØn
_h48056
_i106748
_sb
949 _aTesis
_bBC
_cTES
_d33724002071959
_eTS2
_fc.2
_gDonaciØn
_h48057
_i106748
_sb
999 _c95135
_d95135